[Event "C'Chartres Blitz Men"]
[Site "Europe-Echecs INT"]
[Date "2020.06.13"]
[Round "6"]
[White "Edouard, Romain"]
[Black "Maurizzi, Marc Andria"]
[Result "0-1"]
[WhiteTitle "GM"]
[BlackTitle "IM"]
[WhiteElo "2649"]
[BlackElo "2433"]
[WhiteFideId "633429"]
[BlackFideId "36083534"]
[EventDate "2020.06.13"]

1. d4 d5 2. c4 e6 3. Nc3 Nf6 4. Nf3 c5 5. e3 Nc6 6. a3 cxd4 7. exd4 Be7 8. c5
O-O 9. Bd3 b6 10. b4 bxc5 11. dxc5 e5 12. b5 Nb8 13. Nxe5 Bxc5 14. O-O Re8 15.
Nf3 Bg4 16. h3 Bh5 17. Bg5 Nbd7 18. Nxd5 h6 19. Nxf6+ Nxf6 20. Bh4 Qd6 21. Bc4
Qf4 22. Qc1 Re4 23. Bd3 Bxf3 24. Bxf6 Rc8 25. Bxe4 Bxf2+ 26. Kxf2 Rxc1 27. Raxc1
Bxe4+ 28. Ke2 Qg3 29. Rc3 Qxg2+ 30. Rf2 Qh1 31. Bd4 Qb1 32. Rf4 Qxb5+ 33. Ke3
Bg6 34. Rf2 Qg5+ 35. Ke2 Qd5 36. Be3 Bf5 37. h4 Bg4+ 38. Kf1 Bf3 39. Kg1 Qf5 40.
Rc4 Qh3 41. Rb2 Qh1+ 42. Kf2 Qg2+ 43. Ke1 Qg3+ 44. Rf2 Bd5 45. Rc3 Qxh4 46. Rd3
Qc4 47. Rd4 Qc3+ 48. Ke2 Be6 49. Kf3 Bg4+ 50. Kf4 g5+ 51. Kxg4 Qxe3 52. Rfd2 Kg7 0-1

[Event "C'Chartres Blitz Men"]
[Site "Europe-Echecs INT"]
[Date "2020.06.13"]
[Round "6"]
[White "Stephan, Victor"]
[Black "Studer, Noel"]
[Result "1-0"]
[WhiteTitle "IM"]
[BlackTitle "GM"]
[WhiteElo "2439"]
[BlackElo "2580"]
[WhiteFideId "656666"]
[BlackFideId "1319620"]
[EventDate "2020.06.13"]

1. d4 Nf6 2. c4 e6 3. Nc3 Bb4 4. Qc2 O-O 5. Nf3 d5 6. cxd5 exd5 7. Bf4 Ne4 8. e3
Bf5 9. Bd3 c5 10. dxc5 Nd7 11. Nd4 Bg6 12. Nb3 Rc8 13. O-O Ndxc5 14. Nxc5 Rxc5
15. Be5 Qa5 16. Bd4 Rc7 17. Bxe4 dxe4 18. a3 Bd6 19. Qb3 Qh5 20. h3 Rd7 21. Qb5
Qxb5 22. Nxb5 b6 23. Nxd6 Rxd6 24. Rac1 Rd7 25. Rc6 f6 26. Rfc1 Kf7 27. Kf1 Rfd8
28. Ke1 Ke7 29. Kd2 Bf7 30. Rc7 Bd5 31. R1c3 h5 32. h4 Ke6 33. Rc8 Bb7 34. R8c7
g5 35. g3 Kf5 36. a4 Bd5 37. b4 gxh4 38. gxh4 Rd6 39. Rg7 R6d7 40. Rc7 Rxc7 41.
Rxc7 Rg8 42. Rxa7 Rg2 43. a5 bxa5 44. Rxa5 Ke6 45. Ra6+ Kd7 46. Rxf6 Rg1 47. Rf5
Be6 48. Rxh5 Rg2 49. Rh7+ Kc6 50. Kc3 Rxf2 51. Rh6 Kd5 52. Rh5+ Kc6 53. Re5 Bd5
54. b5+ Kd6 55. b6 Rf1 56. h5 Rc1+ 57. Kd2 Rh1 58. Rg5 Kc6 59. b7 Rb1 60. h6
Rxb7 61. Rxd5 Kxd5 62. Bg7 Ke6 63. h7 Rxg7 64. h8=Q Rd7+ 65. Ke2 Re7 66. Qh5 Rf7
67. Qg4+ Ke5 68. Qg5+ Rf5 69. Qe7+ Kd5 70. Qd7+ Ke5 71. Qd4+ Ke6 72. Qxe4+ Re5
73. Qg6+ Kd5 74. Kd3 Re6 75. Qf5+ Kd6 76. e4 Re5 77. Qf6+ Re6 78. Qd8+ Ke5 79.
Qd5+ Kf6 80. Qf5+ Ke7 81. e5 Ra6 82. Qh7+ Kf8 83. Ke4 Ra1 84. Kf5 1-0

[Event "C'Chartres Blitz Men"]
[Site "Europe-Echecs INT"]
[Date "2020.06.13"]
[Round "6"]
[White "Maghsoodloo, Parham"]
[Black "Guliyev, Namig"]
[Result "1-0"]
[WhiteTitle "GM"]
[BlackTitle "GM"]
[WhiteElo "2676"]
[BlackElo "2529"]
[WhiteFideId "12539929"]
[BlackFideId "13400363"]
[EventDate "2020.06.13"]

1. Nf3 d5 2. g3 c6 3. Bg2 Bg4 4. O-O Nd7 5. d3 e5 6. Nbd2 Ngf6 7. e4 dxe4 8.
dxe4 Be7 9. Qe2 O-O 10. Rd1 Qc7 11. b3 Rfd8 12. Bb2 Ne8 13. Nc4 b5 14. Ne3 Be6
15. Nf5 Bf8 16. Ng5 Bxf5 17. exf5 Nef6 18. c4 b4 19. Rd2 a5 20. Rad1 Re8 21. Ne4
Rac8 22. g4 Nxe4 23. Rxd7 1-0

[Event "C'Chartres Blitz Men"]
[Site "Europe-Echecs INT"]
[Date "2020.06.13"]
[Round "6"]
[White "Murzin, Volodar"]
[Black "Keymer, Vincent"]
[Result "1-0"]
[WhiteTitle "IM"]
[BlackTitle "GM"]
[WhiteElo "2465"]
[BlackElo "2558"]
[WhiteFideId "44155573"]
[BlackFideId "12940690"]
[EventDate "2020.06.13"]

1. e4 e6 2. d4 d5 3. Nc3 Nf6 4. e5 Nfd7 5. f4 c5 6. Nf3 Nc6 7. Be3 a6 8. Qd2 b5
9. Ne2 b4 10. g3 a5 11. Bg2 Ba6 12. O-O cxd4 13. Nfxd4 Nxd4 14. Bxd4 Bc5 15. c3
Qb6 16. Rf2 O-O 17. f5 exf5 18. Nf4 Bb7 19. Re1 Bxd4 20. cxd4 Qb5 21. Nh5 g6 22.
Qh6 gxh5 23. Rxf5 Ra6 24. e6 Rxe6 25. Rxe6 fxe6 26. Rg5+ Kf7 27. Rg7+ Ke8 28.
Qxe6+ Kd8 29. Bh3 Bc6 30. Qe7+ Kc7 31. Qxf8 Qd3 32. Qf4+ Kc8 33. Bxd7+ Bxd7 34.
Rg8+ Kb7 35. Rb8+ Kc6 36. Qf6+ Kc7 37. Qb6# 1-0

[Event "C'Chartres Blitz Men"]
[Site "Europe-Echecs INT"]
[Date "2020.06.13"]
[Round "6"]
[White "Medvegy, Zoltan"]
[Black "Lagarde, Maxime"]
[Result "0-1"]
[WhiteTitle "GM"]
[BlackTitle "GM"]
[WhiteElo "2524"]
[BlackElo "2655"]
[WhiteFideId "708402"]
[BlackFideId "662399"]
[EventDate "2020.06.13"]

1. c4 g6 2. Nc3 Bg7 3. g3 f5 4. Bg2 Nf6 5. d3 O-O 6. e4 d6 7. Nge2 fxe4 8. dxe4
c5 9. O-O Nc6 10. h3 e5 11. Nd5 Be6 12. Bg5 Qd7 13. Kh2 Nh5 14. Qd2 Rf7 15. Be3
Raf8 16. a3 Nd4 17. Bxd4 cxd4 18. Nc1 b5 19. cxb5 Qxb5 20. Nd3 Bh6 21. Qe2 Nf6
22. Nxf6+ Rxf6 23. a4 Qa6 24. b4 Rc8 25. b5 Qa5 26. f4 exf4 27. Nxf4 Bxf4 28.
Rxf4 Rxf4 29. gxf4 Qc3 30. Rd1 Bc4 31. Qg4 Rf8 32. f5 Qe3 33. fxg6 Be2 34. gxh7+
Kh8 35. Qd7 Qf4+ 36. Kh1 Bxd1 37. Qxa7 Qf6 38. b6 Bf3 0-1

[Event "C'Chartres Blitz Men"]
[Site "Europe-Echecs INT"]
[Date "2020.06.13"]
[Round "7"]
[White "Maurizzi, Marc Andria"]
[Black "Ivanchuk, Vasyl"]
[Result "0-1"]
[WhiteTitle "IM"]
[BlackTitle "GM"]
[WhiteElo "2433"]
[BlackElo "2678"]
[WhiteFideId "36083534"]
[BlackFideId "14100010"]
[EventDate "2020.06.13"]

1. d4 d5 2. Nf3 Nc6 3. Bf4 Bg4 4. e3 e6 5. h3 Bxf3 6. Qxf3 Bd6 7. c3 Nge7 8. Bd3
e5 9. dxe5 Nxe5 10. Bxe5 Bxe5 11. O-O c6 12. Nd2 Qc7 13. Rad1 O-O 14. e4 d4 15.
cxd4 Bxd4 16. b3 Ng6 17. Nc4 Rad8 18. Rfe1 b5 19. Ne3 Bc3 20. Rf1 Rd7 21. Bc2
Rfd8 22. Rxd7 Rxd7 23. Rd1 Bd4 24. g3 Nf8 25. Nf5 Ne6 26. b4 g6 27. Nh6+ Kg7 28.
Ng4 h5 29. Ne3 Ng5 30. Qe2 Nxh3+ 31. Kg2 Ng5 32. f4 Ne6 33. Bb3 Bb6 34. Bxe6
fxe6 35. f5 exf5 36. exf5 Re7 37. f6+ Kxf6 38. Rf1+ Kg7 39. Qb2+ Qe5 0-1

[Event "C'Chartres Blitz Men"]
[Site "Europe-Echecs INT"]
[Date "2020.06.13"]
[Round "7"]
[White "Dardha, Daniel"]
[Black "Gukesh, D"]
[Result "1-0"]
[WhiteTitle "IM"]
[BlackTitle "GM"]
[WhiteElo "2449"]
[BlackElo "2563"]
[WhiteFideId "240990"]
[BlackFideId "46616543"]
[EventDate "2020.06.13"]

1. c4 e6 2. Nc3 d5 3. d4 Bb4 4. Nf3 Nf6 5. Bg5 h6 6. Bxf6 Qxf6 7. cxd5 exd5 8.
Qb3 c5 9. a3 Bxc3+ 10. Qxc3 c4 11. b3 Be6 12. e3 O-O 13. bxc4 dxc4 14. Be2 Nd7
15. O-O Nb6 16. e4 Bg4 17. a4 a5 18. h3 Bxf3 19. Bxf3 Rfd8 20. e5 Qe6 21. Rfb1
Rac8 22. Qxa5 Nd5 23. Rxb7 Nf4 24. Qc3 Qa6 25. Rb5 Qg6 26. Kh2 Nd3 27. Ra2 Qf5
28. Rd5 Qf4+ 29. Kg1 Rxd5 30. Bxd5 Rb8 31. g3 Rb1+ 32. Kg2 Qg5 33. Qxc4 Nf4+ 34.
Kh2 Nxd5 35. Qxd5 Qc1 36. Qa8+ Kh7 37. Qe4+ g6 38. h4 Qg1+ 39. Kh3 Qf1+ 40. Qg2
Qc4 41. Rd2 Qxa4 42. Qf3 Qa1 43. Qxf7+ Kh8 44. Qf6+ Kh7 45. Qf7+ Kh8 46. Qxg6
Rh1+ 47. Kg4 Qc1 48. Qxh6+ Kg8 49. Qg5+ Kh8 50. Re2 Qd1 51. Qh5+ Kg7 52. Kf5
Qd3+ 53. Re4 Qa6 54. Qg5+ Kh7 55. Qe7+ Kg8 56. Qe6+ 1-0

[Event "C'Chartres Blitz Men"]
[Site "Europe-Echecs INT"]
[Date "2020.06.13"]
[Round "7"]
[White "Bauer, Christian"]
[Black "Firouzja, Alireza"]
[Result "0-1"]
[WhiteTitle "GM"]
[BlackTitle "GM"]
[WhiteElo "2623"]
[BlackElo "2728"]
[WhiteFideId "603767"]
[BlackFideId "12573981"]
[EventDate "2020.06.13"]

1. e4 e5 2. Nf3 Nc6 3. Bc4 Bc5 4. d3 Nf6 5. Nbd2 O-O 6. h3 a6 7. Bb3 Re8 8. O-O
Na5 9. d4 Bxd4 10. Nxd4 exd4 11. e5 Rxe5 12. Nf3 Nxb3 13. axb3 Rd5 14. Bg5 d6
15. c4 Rf5 16. Qxd4 Be6 17. Rfe1 Qf8 18. Bf4 Nd7 19. Ng5 Nc5 20. Qe3 h6 21. Nxe6
fxe6 22. b4 Rxf4 23. bxc5 dxc5 24. Qxe6+ Qf7 25. Qxf7+ Kxf7 26. Rad1 Rd4 27. Rc1
Re8 28. Rxe8 Kxe8 29. Rc3 Rd2 30. b3 c6 31. g4 Ra2 32. Kg2 Ra3 33. f4 a5 34.
Re3+ Kf7 35. Re5 b6 36. f5 Rxb3 37. Re6 a4 38. Rxc6 a3 39. Rc7+ Kf6 40. Ra7 g6
41. fxg6 Kxg6 42. h4 Kf6 43. Ra6 Ke5 44. Ra7 Kf4 45. g5 hxg5 46. h5 Rb2+ 47. Kf1
a2 0-1

[Event "C'Chartres Blitz Men"]
[Site "Europe-Echecs INT"]
[Date "2020.06.13"]
[Round "7"]
[White "Studer, Noel"]
[Black "Edouard, Romain"]
[Result "0-1"]
[WhiteTitle "GM"]
[BlackTitle "GM"]
[WhiteElo "2580"]
[BlackElo "2649"]
[WhiteFideId "1319620"]
[BlackFideId "633429"]
[EventDate "2020.06.13"]

1. c4 e5 2. Nc3 Nf6 3. Nf3 Nc6 4. e3 Bb4 5. Qc2 Bxc3 6. Qxc3 Qe7 7. d4 e4 8. Nd2
d5 9. a3 O-O 10. h3 Be6 11. b3 a5 12. Bb2 Rfe8 13. Be2 a4 14. b4 dxc4 15. Nxc4
Nd5 16. Qc2 f5 17. b5 Na5 18. Ne5 Nb3 19. Rd1 Kh8 20. g4 Qh4 21. Kf1 Rf8 22. g5
f4 23. Qxe4 Nxe3+ 24. Kg1 Bd5 25. Qb1 Qxg5+ 26. Kh2 Qg2# 0-1

[Event "C'Chartres Blitz Men"]
[Site "Europe-Echecs INT"]
[Date "2020.06.13"]
[Round "7"]
[White "Guliyev, Namig"]
[Black "Stephan, Victor"]
[Result "1-0"]
[WhiteTitle "GM"]
[BlackTitle "IM"]
[WhiteElo "2529"]
[BlackElo "2439"]
[WhiteFideId "13400363"]
[BlackFideId "656666"]
[EventDate "2020.06.13"]

1. e4 c5 2. Nf3 Nf6 3. Nc3 d5 4. exd5 Nxd5 5. Bb5+ Bd7 6. Ne5 Nf6 7. Nxd7 Nbxd7
8. d4 e6 9. O-O cxd4 10. Qxd4 a6 11. Be2 Bc5 12. Qh4 O-O 13. Ne4 Nxe4 14. Qxe4
b5 15. Bf4 Qf6 16. c3 Nb6 17. Rad1 Nd5 18. Be5 Qe7 19. c4 bxc4 20. Bxc4 Nf6 21.
Qe2 a5 22. h3 Rfd8 23. Bc3 Bb4 24. Be5 Bd6 25. b3 Bxe5 26. Qxe5 h6 27. Be2 Rd5
28. Rxd5 Nxd5 29. Bc4 Rd8 30. g3 Qc7 31. Qxc7 Nxc7 32. Re1 Kf8 33. Re2 Ke7 34.
Kg2 Nd5 35. Re5 Kd6 36. Re2 Kc5 37. a3 a4 38. Rc2 axb3 39. Bxb3+ Kd6 40. a4 Rb8
41. Bc4 Nb6 42. Bb5 Rc8 43. Ra2 Kc5 44. Bf1 Ra8 45. a5 Nd5 46. a6 Kb6 47. Rb2+
Kc6 48. Rb7 Nc7 49. Be2 Nxa6 50. Rxf7 Kd6 51. Rxg7 Nc5 52. Rg6 Ra2 53. Bc4 Rc2
54. Rg4 Ke7 55. Bb5 Kf6 56. h4 Nb3 57. h5 e5 58. Rg6+ Ke7 59. Rxh6 e4 60. Ba4 e3
61. Bxb3 e2 62. Re6+ Kd7 63. Re3 1-0

[Event "C'Chartres Blitz Men"]
[Site "Europe-Echecs INT"]
[Date "2020.06.13"]
[Round "7"]
[White "Keymer, Vincent"]
[Black "Maghsoodloo, Parham"]
[Result "0-1"]
[WhiteTitle "GM"]
[BlackTitle "GM"]
[WhiteElo "2558"]
[BlackElo "2676"]
[WhiteFideId "12940690"]
[BlackFideId "12539929"]
[EventDate "2020.06.13"]

1. d4 d5 2. c4 e6 3. Nc3 Bb4 4. a3 Bxc3+ 5. bxc3 b6 6. Nf3 Ne7 7. Bg5 O-O 8. e3
Ba6 9. Nd2 f6 10. Bh4 c5 11. Be2 Nbc6 12. O-O Nf5 13. Bg3 Nxg3 14. hxg3 Rc8 15.
Rc1 Na5 16. cxd5 Bxe2 17. Qxe2 exd5 18. Rfd1 Re8 19. Qb5 c4 20. Rb1 Rc7 21. Re1
Qd7 22. Qb4 Qc6 23. Re2 Rce7 24. Rbe1 Nb7 25. f3 f5 26. e4 a5 27. Qb1 fxe4 28.
fxe4 dxe4 29. Rxe4 Rxe4 30. Nxe4 b5 31. Ng5 Rxe1+ 32. Qxe1 h6 33. Ne6 Nd6 34.
Qe5 Ne8 35. Nf4 Nf6 36. d5 Qc5+ 37. Kh1 Qxa3 38. Qe6+ Kh8 39. Qc8+ Kh7 40. Qf5+
Kg8 41. Qe6+ Kh8 42. d6 Qc1+ 43. Kh2 Qd1 44. Ng6+ Kh7 45. Nf8+ Kh8 46. Ng6+ Kh7
47. Ne5 Qh5+ 48. Kg1 Qd1+ 49. Kh2 Qh5+ 50. Kg1 b4 51. cxb4 c3 52. g4 Qg5 53. d7
c2 54. Nd3 Nxd7 55. Qxd7 c1=Q+ 56. Nxc1 Qxc1+ 57. Kh2 Qf4+ 58. Kh3 Qe3+ 59. g3
Qe4 60. g5 h5 61. g6+ Kh6 62. Kh2 axb4 63. Qd8 Qc2+ 64. Kh3 Qf5+ 65. Kh2 Qf2+
66. Kh3 Qe1 0-1

[Event "C'Chartres Blitz Men"]
[Site "Europe-Echecs INT"]
[Date "2020.06.13"]
[Round "7"]
[White "Lagarde, Maxime"]
[Black "Murzin, Volodar"]
[Result "0-1"]
[WhiteTitle "GM"]
[BlackTitle "IM"]
[WhiteElo "2655"]
[BlackElo "2465"]
[WhiteFideId "662399"]
[BlackFideId "44155573"]
[EventDate "2020.06.13"]

1. e4 c6 2. d4 d5 3. Nc3 dxe4 4. Nxe4 Bf5 5. Ng3 Bg6 6. h4 h6 7. Nh3 Nf6 8. Nf4
Bh7 9. Bc4 Nbd7 10. O-O e6 11. Re1 Be7 12. Bxe6 fxe6 13. Nxe6 Qb6 14. Nxg7+ Kf7
15. N7f5 Bf8 16. Qf3 Qa5 17. c3 Qd5 18. Qxd5+ cxd5 19. Nxh6+ Bxh6 20. Bxh6 Rae8
21. f3 Nb6 22. b3 Nbd7 23. Bg5 a5 24. Kf2 a4 25. Nf1 Rxe1 26. Rxe1 axb3 27. axb3
Ra8 28. Nd2 Ra2 29. g4 Rc2 30. c4 Bd3 31. c5 Ba6 32. Kg3 Nb8 33. Re5 Bd3 34.
Bxf6 Kxf6 35. g5+ Kf7 36. Rxd5 Rxd2 37. h5 Nc6 38. Rd7+ Ke6 39. Rd6+ Ke7 40. g6
Bc2 41. d5 Nd4 42. Kf4 Rg2 43. Rb6 Bxb3 44. Rxb7+ Kf6 45. Rb6+ Ke7 46. d6+ Kd7
47. Rb7+ Kd8 48. Ke4 Ne6 49. Rb8+ Kd7 50. Kf5 Nxc5 51. Kf6 Kxd6 52. h6 Nd7+ 53.
Kg7 Nxb8 54. h7 Rh2 55. h8=Q Rxh8 56. Kxh8 Nd7 57. Kg7 Ke6 58. f4 Nf6 59. Kf8
Kf5 60. Kg7 Bg8 61. Kh8 Kxf4 62. g7 Bd5 63. g8=Q Bxg8 64. Kg7 Kf5 65. Kf8 Bc4
66. Kg7 Ng4 67. Kh7 Kf6 68. Kh8 Bd3 69. Kg8 Nh6+ 70. Kh8 Nf7+ 71. Kg8 Bf5 72.
Kf8 Bh7 73. Ke8 Ne5 74. Kd8 Ke6 75. Kc7 Bd3 76. Kb6 Kd5 77. Ka5 Kc4 78. Ka4 Bc2+
79. Ka3 Nd3 80. Ka2 Kc3 81. Ka1 Bb3 82. Kb1 Nb4 83. Ka1 Bc4 84. Kb1 Nc2 85. Kc1
Ba2 86. Kd1 Nd4 87. Ke1 Kd3 88. Kf2 Ne2 89. Kf3 Be6 90. Kf2 Kd2 91. Kf3 Bf5 92.
Kf2 Bg4 93. Kg2 Ke1 94. Kh2 Kf2 95. Kh1 Ng3+ 96. Kh2 Nf1+ 97. Kh1 Bf3# 0-1

[Event "C'Chartres Blitz Men"]
[Site "Europe-Echecs INT"]
[Date "2020.06.13"]
[Round "7"]
[White "Mamedov, Rauf"]
[Black "Medvegy, Zoltan"]
[Result "0-1"]
[WhiteTitle "GM"]
[BlackTitle "GM"]
[WhiteElo "2654"]
[BlackElo "2524"]
[WhiteFideId "13401653"]
[BlackFideId "708402"]
[EventDate "2020.06.13"]

1. e4 e6 2. d4 d5 3. Nd2 dxe4 4. Nxe4 Bd7 5. Bd3 Bc6 6. Nf3 Nd7 7. Qe2 Ngf6 8.
Ned2 Be7 9. b3 O-O 10. Bb2 a5 11. c4 a4 12. O-O Bxf3 13. Nxf3 c6 14. Bc3 axb3
15. axb3 Qc7 16. g3 Rfe8 17. Rfe1 Bf8 18. Bd2 g6 19. Bf4 Bd6 20. Bg5 Bb4 21.
Red1 Bf8 22. Bf4 Bd6 23. Bg5 Bf8 24. Rab1 Ra3 25. Bc1 Ra7 26. Bf4 Bd6 27. Be3
Ra3 28. Qb2 Rea8 29. Ra1 Qa5 30. Rxa3 Qxa3 31. Qc2 Qa2 32. Qc3 Qa5 33. Qxa5 Rxa5
34. c5 Bf8 35. b4 Ra3 36. b5 Nd5 37. b6 e5 38. Bc4 Nxe3 39. fxe3 Rxe3 40. dxe5
Bxc5 41. Kg2 Nxe5 42. Nxe5 Rxe5 43. Rd7 Re7 44. Rc7 Kf8 45. Ba6 Bxb6 46. Rxe7
Kxe7 47. Bxb7 c5 48. Bd5 f5 49. Kf3 Kf6 50. h4 Ke5 51. Bg8 h6 52. Bh7 g5 53.
hxg5 hxg5 54. g4 fxg4+ 55. Kxg4 Bd8 56. Kf3 Kd4 57. Bf5 Kc3 58. Ke2 c4 59. Be6
Kd4 60. Kd2 Bf6 61. Ke2 Be5 62. Kd2 Bf4+ 63. Ke2 c3 64. Bf5 g4 65. Kf2 g3+ 66.
Kf3 Be5 67. Bc2 Kc4 0-1

[Event "C'Chartres Blitz Men"]
[Site "Europe-Echecs INT"]
[Date "2020.06.13"]
[Round "8"]
[White "Gukesh, D"]
[Black "Maurizzi, Marc Andria"]
[Result "0-1"]
[WhiteTitle "GM"]
[BlackTitle "IM"]
[WhiteElo "2563"]
[BlackElo "2433"]
[WhiteFideId "46616543"]
[BlackFideId "36083534"]
[EventDate "2020.06.13"]

1. e4 c5 2. Nf3 e6 3. d4 cxd4 4. Nxd4 Nf6 5. Nc3 Nc6 6. Ndb5 Bc5 7. Bf4 O-O 8.
Bd6 Qb6 9. Bxc5 Qxc5 10. Qd6 Qb6 11. Qc7 Qc5 12. Qg3 a6 13. Nd6 Nh5 14. Qd3 Nb4
15. Qd2 Nxc2+ 16. Qxc2 Qxd6 17. g3 b5 18. Bg2 Bb7 19. O-O Rac8 20. Rad1 Qc7 21.
Qd2 Nf6 22. e5 Ng4 23. Bxb7 Qxb7 24. Qf4 Nh6 25. Rd3 Rc4 26. Qd2 Rc7 27. Re1 Nf5
28. Ne4 Ne7 29. Qg5 Ng6 30. Nd6 Qa7 31. h4 h6 32. Qd2 Qc5 33. b4 Qc2 34. Re2
Qxd2 35. Rexd2 Ne7 36. f4 Nd5 37. a3 f6 38. exf6 gxf6 39. Nf5 Kh7 40. Ne3 Nxe3
41. Rxe3 h5 42. Rd6 Ra7 43. f5 e5 44. Rc3 Kg7 45. Kf2 Kf7 46. Kf3 Ke7 47. Rd5
Rg8 48. a4 bxa4 49. Ra3 Rc7 50. Rxa4 Rc3+ 51. Kf2 Rgxg3 52. Rxa6 Rgd3 53. Rxd3
Rxd3 54. b5 Rb3 55. Rb6 Rh3 56. Rb8 Rxh4 57. b6 Rb4 58. b7 h4 59. Kg2 Rb3 60.
Kh2 h3 61. Kh1 e4 62. Rh8 Rxb7 63. Rxh3 Kd6 64. Rh7 Ke5 0-1

[Event "C'Chartres Blitz Men"]
[Site "Europe-Echecs INT"]
[Date "2020.06.13"]
[Round "8"]
[White "Firouzja, Alireza"]
[Black "Dardha, Daniel"]
[Result "1-0"]
[WhiteTitle "GM"]
[BlackTitle "IM"]
[WhiteElo "2728"]
[BlackElo "2449"]
[WhiteFideId "12573981"]
[BlackFideId "240990"]
[EventDate "2020.06.13"]

1. d4 Nf6 2. Nf3 e6 3. Bg5 d5 4. Nbd2 Be7 5. e3 b6 6. c3 h6 7. Bh4 Bb7 8. Bd3
Nbd7 9. Qe2 c5 10. Bxf6 Bxf6 11. h4 e5 12. dxe5 Bxe5 13. O-O-O Qe7 14. e4 Bf4
15. Rhe1 O-O 16. exd5 Qxe2 17. Rxe2 Bxd5 18. Be4 Rae8 19. Rde1 Bxe4 20. Rxe4
Bxd2+ 21. Nxd2 Rxe4 22. Rxe4 Rd8 23. Ra4 a5 24. Re4 Nf6 25. Re2 a4 26. a3 Kf8
27. Kc2 g6 28. Re3 Ng4 29. Re4 Nxf2 30. Rxa4 Nd3 31. Re4 Nxb2 32. a4 c4 33. Nxc4
Nxa4 34. Ne5 Nc5 35. Rf4 Ra8 36. Rxf7+ Kg8 37. Rf6 Ra2+ 38. Kb1 Rxg2 39. Rxb6 g5
40. Rxh6 gxh4 41. Rxh4 Kf8 42. Rc4 Ne6 43. Re4 Ke7 44. Nd3 Rg1+ 45. Kc2 Kd6 46.
Re2 Nc5 47. Nb4 Rg3 48. Rd2+ Kc7 49. Nd5+ Kc6 50. Ne7+ Kc7 51. Rd4 Rg2+ 52. Kd1
Rg3 53. Ke2 Kb7 54. Rb4+ Kc7 55. Rc4 Kb6 56. Nf5 Rh3 57. Ne3 Kb5 58. Rb4+ Kc6
59. Rg4 Rh2+ 60. Kd1 Nd3 61. Rc4+ Kb5 62. Rd4 Nb2+ 63. Kc1 Kc5 64. Rd5+ Kc6 65.
Rd8 Re2 66. Nc2 Kc7 67. Rd4 Rh2 68. Kxb2 Kb6 69. Kb3 Kc5 70. Nb4 Rh3 71. Rd5+
Kb6 72. Kc4 Rh4+ 73. Rd4 Rh5 74. Rd6+ Kc7 75. Rg6 Rh3 76. Kb5 Kb7 77. c4 Rh5+
78. c5 Kb8 79. Kb6 1-0

[Event "C'Chartres Blitz Men"]
[Site "Europe-Echecs INT"]
[Date "2020.06.13"]
[Round "8"]
[White "Mamedov, Rauf"]
[Black "Bauer, Christian"]
[Result "1-0"]
[WhiteTitle "GM"]
[BlackTitle "GM"]
[WhiteElo "2654"]
[BlackElo "2623"]
[WhiteFideId "13401653"]
[BlackFideId "603767"]
[EventDate "2020.06.13"]

1. e4 d5 2. exd5 Qxd5 3. Nc3 Qa5 4. Nf3 Nf6 5. Bc4 Bg4 6. h3 Bh5 7. d3 e6 8. Bd2
Qb6 9. g4 Bg6 10. Qe2 c6 11. O-O-O Nbd7 12. Nh4 O-O-O 13. f4 Bd6 14. Kb1 Qc7 15.
Rhf1 Kb8 16. Ne4 Ka8 17. Nxd6 Qxd6 18. a3 Rhe8 19. Qf2 Nb6 20. Bb3 Bxd3 21. cxd3
Qxd3+ 22. Bc2 Qxh3 23. Rh1 Qxg4 24. Rdg1 Qh5 25. Nf5 Qxf5 26. Bxf5 exf5 27. Bc3
Ne4 28. Qc2 g6 29. Rxh7 Nd5 30. Be5 Rd7 31. Rgh1 a6 32. Rh8 Rxh8 33. Rxh8+ Ka7
34. Bd4+ c5 35. Bxc5+ b6 36. Bd4 Rc7 37. Qa4 Kb7 38. Qe8 1-0

[Event "C'Chartres Blitz Men"]
[Site "Europe-Echecs INT"]
[Date "2020.06.13"]
[Round "8"]
[White "Edouard, Romain"]
[Black "Guliyev, Namig"]
[Result "1-0"]
[WhiteTitle "GM"]
[BlackTitle "GM"]
[WhiteElo "2649"]
[BlackElo "2529"]
[WhiteFideId "633429"]
[BlackFideId "13400363"]
[EventDate "2020.06.13"]

1. d4 d5 2. c4 dxc4 3. e4 Nf6 4. e5 Nd5 5. Bxc4 Nb6 6. Bd3 Nc6 7. Ne2 Bg4 8. Be3
e6 9. Nbc3 Qd7 10. O-O Nb4 11. Be4 c6 12. Qb3 Bh5 13. Nf4 Bg6 14. Nxg6 hxg6 15.
a3 N4d5 16. Rad1 Be7 17. Qc2 O-O 18. Ne2 Rac8 19. b4 Nxe3 20. fxe3 Nd5 21. Qd3
Bg5 22. Nf4 Bxf4 23. exf4 Rfd8 24. g4 a5 25. f5 exf5 26. gxf5 axb4 27. fxg6 fxg6
28. Bxg6 Qg4+ 29. Kh1 Rf8 30. axb4 Nxb4 31. Qb1 Nd5 32. Bh7+ Kh8 33. Bf5 Qe2 34.
Bxc8 Rxc8 35. Qf5 Ra8 36. Rd3 Ne3 37. Qh3+ Kg8 38. Rxe3 Qa2 39. e6 1-0

[Event "C'Chartres Blitz Men"]
[Site "Europe-Echecs INT"]
[Date "2020.06.13"]
[Round "8"]
[White "Stephan, Victor"]
[Black "Keymer, Vincent"]
[Result "1/2-1/2"]
[WhiteTitle "IM"]
[BlackTitle "GM"]
[WhiteElo "2439"]
[BlackElo "2558"]
[WhiteFideId "656666"]
[BlackFideId "12940690"]
[EventDate "2020.06.13"]

1. d4 Nf6 2. c4 e6 3. Nc3 Bb4 4. Qc2 O-O 5. Nf3 d5 6. cxd5 exd5 7. Bf4 c6 8. e3
Nbd7 9. Bd3 Re8 10. O-O Nf8 11. h3 Ng6 12. Bh2 Bd6 13. Rab1 Bxh2+ 14. Kxh2 Qd6+
15. Kg1 a5 16. Bf5 Bxf5 17. Qxf5 Ne4 18. Nxe4 dxe4 19. Nd2 Qe7 20. Rfc1 a4 21.
Qc5 Qf6 22. Nc4 Nh4 23. Qh5 Rad8 24. Ne5 Rd5 25. Qg4 Ng6 26. Qxe4 h6 27. f4 Qe7
28. Qf3 Nf8 29. Rc3 f6 30. Nd3 Qxe3+ 31. Qxe3 Rxe3 32. Nb4 Rxc3 33. bxc3 Rd7 34.
Nd3 Ne6 35. f5 Nd8 36. Nc5 Rd5 37. Nxb7 Nxb7 38. Rxb7 Rxf5 39. Ra7 Rb5 40. Rxa4
c5 41. d5 c4 42. Rxc4 Rxd5 43. a4 Rd2 44. Rd4 Ra2 45. Rb4 Kf7 46. c4 Ke6 47. Kh2
g5 48. Kg3 h5 49. Rb6+ Ke5 50. Rb5+ Ke4 51. Rb6 f5 52. Re6+ Kd4 53. Rg6 f4+ 54.
Kf3 Ra3+ 55. Kf2 Rg3 56. a5 Kxc4 57. a6 Kd4 58. a7 Ra3 59. Rxg5 Rxa7 60. Rxh5
Ke4 61. Rb5 Ra2+ 62. Kg1 Rd2 63. Rb3 Kf5 64. Rf3 Kg5 65. Kh2 Ra2 66. Rc3 Ra5 67.
Rd3 Ra2 68. Rf3 Rb2 69. Rd3 Ra2 70. Rb3 Kf6 71. h4 Kg6 72. Kh3 Kh5 73. Rb5+ Kh6
74. Rg5 Ra4 75. Kg4 f3+ 76. Kxf3 Rxh4 77. Rg4 Rh1 78. Kg3 Ra1 79. Kh3 Kh5 80.
Rb4 Ra3+ 81. g3 Kg6 82. Rb5 Rc3 83. Kh4 Rc4+ 84. g4 Rc6 85. Rg5+ Kh6 86. Rh5+
Kg6 87. Rg5+ Kh6 88. Rh5+ Kg6 89. Rg5+ 1/2-1/2

[Event "C'Chartres Blitz Men"]
[Site "Europe-Echecs INT"]
[Date "2020.06.13"]
[Round "8"]
[White "Maghsoodloo, Parham"]
[Black "Lagarde, Maxime"]
[Result "1-0"]
[WhiteTitle "GM"]
[BlackTitle "GM"]
[WhiteElo "2676"]
[BlackElo "2655"]
[WhiteFideId "12539929"]
[BlackFideId "662399"]
[EventDate "2020.06.13"]

1. e4 g6 2. d4 Nf6 3. Nc3 d5 4. e5 Ne4 5. h4 h5 6. Nce2 c5 7. f3 cxd4 8. fxe4
Nc6 9. exd5 Qxd5 10. Nf3 Bg4 11. Nf4 Qe4+ 12. Qe2 Bxf3 13. gxf3 Qxe5 14. Qxe5
Nxe5 15. Bb5+ Nc6 16. Nd5 O-O-O 17. Bxc6 bxc6 18. Nb4 c5 19. Nc6 Rd7 20. Ne5 Rd5
21. Nxf7 Rg8 22. Ke2 Rf5 23. Ng5 Kd7 24. b3 e5 25. Bd2 Kc6 26. c4 Be7 27. Ne4 1-0